Statistics for Flag Quiz Hard

Click here to take the quiz!

General Stats

  • This quiz has been taken 34 times
  • The average score is 14 of 16

Answer Stats

Answer% Correct
Nepal
97%
South Korea
97%
Switzerland
97%
Austria
94%
North Korea
94%
Norway
94%
Sweden
94%
Kenya
91%
Iceland
88%
Panama
88%
Honduras
84%
Costa Rica
81%
Sri Lanka
81%
Guyana
78%
Libya
75%
Suriname
72%

Score Distribution

Percentile by Number Answered

Percent of People with Each Score

Your Score History

You have not taken this quiz